000 00404nam a2200133Ia 4500
008 100328s9999 xx 000 0 und d
082 _b11062
100 _aजोशी श्रीपाद
245 _aभारत भ्रमण-भाग 2
260 _bचेतक
630 _aभारत भ्रमण-भाग 2
730 _aभारत भ्रमण-भाग 2
942 _cBOOK
999 _c506399
_d506396